000 00650nam a2200157 4500
001 106892
003 ES-MaACL
005 20230906184313.0
007 t|
008 061121s1970 sp r ||||1| spa d
100 1 _aMoreno Moncholi, Miguel.
_983406
245 1 0 _aSemblanza de la Ley Orgánica sobre Organización del Poder Judicial a través de la Ciencia y de la Historia
_b: discurso por Miguel Moncholi Moreno con motivo del I Centenario de la Ley Orgánica del Poder Judicial /
_cMiguel Moncholi Moreno.
260 _aMadrid :
_bPresidencia del Tribunal Supemo,
_c1970.
300 _a23 p. ;
_c24 cm.
852 _aES-MaACL
_j2075-F-28
_bR.74892
999 _c106892
_d106892